Normal view
MARC view
- Hassan ,Mian Muhammad Najam Ul
Entry Personal Name
001 - CONTROL NUMBER
- control field: 122440
003 - CONTROL NUMBER IDENTIFIER
- control field: NUST
005 - DATE AND TIME OF LATEST TRANSACTION
- control field: 20240423160752.0
008 - FIXED-LENGTH DATA ELEMENTS
- fixed length control field: 240423|| aca||aabn | a|a d
040 ## - CATALOGING SOURCE
- Original cataloging agency: NUST
- Transcribing agency: NUST
100 ## - HEADING--PERSONAL NAME
- Personal name: Hassan ,Mian Muhammad Najam Ul
670 ## - SOURCE DATA FOUND
- Source citation: Work cat.: (NUST): Hassan ,Mian Muhammad Najam Ul, Boundary Layer Effect on a Square Cylinder by Changing Chamfer Dimensions /
